01389 a2200205 4500003000500000005001700005010001600022020002800038040000900066082001600075245007900091260003500170300003400205490002400239505072500263650003500988700002501023830004601048856008901094Nust20230221152436.0 a 92025560 a0824787242 (alk. paper) cNust00a621.367,MAT00aMathematical morphology in image processing /cedited by Edward Dougherty. aNew York :bM. Dekker,cc1993. axvi, 530 p. :bill. ;c24 cm.1 aOptical engineering aTraining Structuring Elements In Morphological Networks (Page-1), Efficient Design Strategies For The Optimal Binary Digital Morphological Filter: Probabilities, Constraints, And Structuring-Element Libraries (Page-43), Statistical Properties Of Discrete Morphological Filters (Page-93), Morphological Analysis Of Pavement Surface Condition (Page-121), On Two Inverse Problems In Mathematical Morphology (Page-151), Graph Morphology In Image Analysis (Page-171), Mathematical Morphology With Noncommutative Symmetry Groups (Page-205), Morphological Algorithms (Page-255), Discrete Half Plane Morphology For Restricted Domains (Page-289), On As Distance Function Approach For Gray Level Mathematical Morphology (Pag-323). 0aTelecommunication Engineering.1 aDougherty, Edward R. 0aOptical engineering (Marcel Dekker, Inc.)423Publisher descriptionuhttp://www.loc.gov/catdir/enhancements/fy0647/92025560-d.html